000 01280nam a22002657a 4500
005 20170124103102.0
010 _aA-885426
020 _c30.00
035 _aA-885426
037 _bCen Lib/Ret
040 _aDPL
_bHN
082 _a921
_bस्वामीद
245 _aस्वामी दयानन्द की जीवन-यात्रा /
_cसंपादक जगतराम आर्य [और] यशपाल पुरोहित
246 _aSwami Dayanand ki jeevan-yatra /
_bsampadak Jagatram Arya [aur] Yashpal Purohit
260 _aदिल्ली
_bआर्य प्रकाशन मण्डल
_c1997
270 _bदिल्ली
_aसरस्वती भंडार, गांधीनगर
_e110031
300 _a72पृ.
_c20सेमी(सजिल्द)
650 _aहिन्दी -- साहित्य
_977315
650 _aहिन्दी -- जीवनी - स्वामी दयानन्द
_977317
650 _aHindi literature
_977319
650 _aHindi - biography - Swami Dayanand
_977320
700 _aआर्य, जगतराम
_977321
700 _aपुरोहित, यशपाल
_977322
942 _2ddc
_cHN
_h921
_mस्वामीद
999 _c117883
_d117883